书目信息 |
| 题名: |
寒旱区混凝土硫酸盐侵蚀与防治
|
|
| 作者: | 李双喜 , 姜春萌 , 吴亮 主编 | |
| 分册: | ||
| 出版信息: | 北京 中国建筑工业出版社 2024.08 |
|
| 页数: | 234页 | |
| 开本: | 26cm | |
| 丛书名: | ||
| 单 册: | ||
| 中图分类: | TU528.01 | |
| 科图分类: | ||
| 主题词: | 寒冷地区--han leng di qu--干旱区--混凝土--硫酸盐--腐蚀--防治--研究 | |
| 电子资源: | ||
| ISBN: | 978-7-112-30105-8 | |
| 000 | 01321nam0 2200265 450 | |
| 001 | 89825 | |
| 005 | 20250814210155.14 | |
| 010 | @a978-7-112-30105-8@dCNY68.00 | |
| 100 | @a20241104d2024 em y0chiy50 ea | |
| 101 | 0 | @achi |
| 102 | @aCN@b110000 | |
| 105 | @aa a 000yy | |
| 106 | @ar | |
| 200 | 1 | @a寒旱区混凝土硫酸盐侵蚀与防治@Ahan han qu hun ning tu liu suan yan qin shi yu fang zhi@f李双喜, 姜春萌, 吴亮主编 |
| 210 | @a北京@c中国建筑工业出版社@d2024.08 | |
| 215 | @a234页@c图@d26cm | |
| 320 | @a有书目 (第228-234页) | |
| 330 | @a本书针对寒旱区混凝土的硫酸盐侵蚀问题, 从宏观性能演化、微细观结构特征、侵蚀劣化机理、工程防治与提升措施等方面进行了详细阐述与分析。本书系统论述了硅酸盐水泥高性能混凝土、高抗硫酸盐水泥混凝土、硫铝酸盐水泥混凝土、硅酸盐-硫铝酸盐复合体系水泥混凝土的抗硫酸盐侵蚀性能, 提出了一种硅酸盐-硫铝酸盐-矿物掺合料三元体系水泥制备抗硫酸盐混凝土的新技术, 研发了抗硫酸盐侵蚀添加剂和大掺量磨细矿渣混凝土激发稳定剂, 形成了适用于新疆地区的抗硫酸盐侵蚀混凝土制备技术, 并在多个工程中成功运用。 | |
| 606 | 0 | @a寒冷地区@Ahan leng di qu@x干旱区@x混凝土@x硫酸盐@x腐蚀@x防治@x研究 |
| 690 | @aTU528.01@v5 | |
| 701 | 0 | @a李双喜@Ali shuang xi@4主编 |
| 701 | 0 | @a姜春萌@Ajiang chun meng@4主编 |
| 701 | 0 | @a吴亮@Awu liang@4主编 |
| 801 | 0 | @aCN@c20250909 |
| 905 | @a河南城建学院图书馆@dTU528.01@eL260@f1 | |
| 寒旱区混凝土硫酸盐侵蚀与防治/李双喜, 姜春萌, 吴亮主编.-北京:中国建筑工业出版社,2024.08 |
| 234页:图;26cm |
| ISBN 978-7-112-30105-8:CNY68.00 |
| 本书针对寒旱区混凝土的硫酸盐侵蚀问题, 从宏观性能演化、微细观结构特征、侵蚀劣化机理、工程防治与提升措施等方面进行了详细阐述与分析。本书系统论述了硅酸盐水泥高性能混凝土、高抗硫酸盐水泥混凝土、硫铝酸盐水泥混凝土、硅酸盐-硫铝酸盐复合体系水泥混凝土的抗硫酸盐侵蚀性能, 提出了一种硅酸盐-硫铝酸盐-矿物掺合料三元体系水泥制备抗硫酸盐混凝土的新技术, 研发了抗硫酸盐侵蚀添加剂和大掺量磨细矿渣混凝土激发稳定剂, 形成了适用于新疆地区的抗硫酸盐侵蚀混凝土制备技术, 并在多个工程中成功运用。 |
| ● |
| 相关链接 |
|
|
|
正题名:寒旱区混凝土硫酸盐侵蚀与防治
索取号:TU528.01/L260
 
预约/预借
| 序号 | 登录号 | 条形码 | 馆藏地/架位号 | 状态 | 备注 |
| 1 | 1623787 | 216237873 | 建筑库201/201建筑库 7排4列4层/ [索取号:TU528.01/L260] | 在馆 |